• 首页
  • 本馆介绍
  • 公告通知
  • 最新文献
  • 馆藏检索
  • 电子资源
  • 读者导购
  • 参考咨询
  • 我的图书馆
  • 登录
  • 详细信息显示
  • 放入我的书架
  • 预约/预借图书
  • 作者相关作品
  • 分类相关作品
  • 丛书相关作品
  • 出版社相关作品

书目信息

  • 表格格式
  • 工作单格式
  • 卡片格式
题名:
无人机检测与维护
    
 
作者: ;北京优云智翔航空科技公司 组织编写
分册:   初级
出版信息: 北京   化学工业出版社  2022
页数: 127页
开本: 26cm
丛书名:
单 册:
中图分类: V279
科图分类:
主题词: 无人驾驶飞机--检测--职业培训--教材 , 无人驾驶飞机--维修--职业培训--教材
电子资源:
ISBN: 978-7-122-39969-4
000 01135nam0 2200241 450
001 2267038738
005 20221007183803.14
010    @a978-7-122-39969-4@dCNY48.00
100    @a20211213d2022 em y0chiy50 ea
101 0  @achi
102    @aCN@b110000
105    @aa z 000yy
200 1  @a无人机检测与维护@9wu ren ji jian ce yu wei hu@i初级@f北京优云智翔航空科技有限公司组织编写
210    @a北京@c化学工业出版社@d2022
215    @a127页@c图,照片@d26cm
300    @a“无人机检测与维护”1+X职业技能等级证书配套教材
330    @a本书内容主要涉及维护维修基础知识、基本工具的使用和多旋翼无人机的检测与维护三个方面。维护维修基础知识侧重于讲述对无人机的定期保养和维护方法;基本工具的使用主要是让操作者熟悉无人机维护和维修常用工具,并能进行简单的维护维修;多旋翼无人机的检测与维护主要是介绍多旋翼无人机的基础知识,以及动力装置和无线传输系统的维护和维修。
606 0  @a无人驾驶飞机@x检测@x职业培训@j教材
606 0  @a无人驾驶飞机@x维修@x职业培训@j教材
690    @aV279@v5
711 02 @a北京优云智翔航空科技公司@9bei jing you yun zhi xiang hang kong ke ji gong si@4组织编写
801  0 @aCN@b91MARC@c20220125
905    @aZUCC@dV279@e13:1
    
    无人机检测与维护.初级/北京优云智翔航空科技有限公司组织编写.-北京:化学工业出版社,2022
    127页:图,照片;26cm
    “无人机检测与维护”1+X职业技能等级证书配套教材
    
    ISBN 978-7-122-39969-4:CNY48.00
    本书内容主要涉及维护维修基础知识、基本工具的使用和多旋翼无人机的检测与维护三个方面。维护维修基础知识侧重于讲述对无人机的定期保养和维护方法;基本工具的使用主要是让操作者熟悉无人机维护和维修常用工具,并能进行简单的维护维修;多旋翼无人机的检测与维护主要是介绍多旋翼无人机的基础知识,以及动力装置和无线传输系统的维护和维修。
●
相关链接 在五车中查询图书 在当当中查询图书 在豆瓣中查询图书


正题名:无人机检测与维护     索取号:V279/13:1         预约/预借

序号 登录号 条形码 馆藏地/架位号 状态 备注
1 2000912134   2000912134   第三书库/ [索取号:V279/13:1] 在馆    
2 2000912135   2000912135   第三书库/ [索取号:V279/13:1] 在馆    
3 2000912136   2000912136   第三书库/ [索取号:V279/13:1] 在馆    
山东省滨州职业学院图书馆 欢迎您!
大连网信软件有限公司© 版权所有